LEADER 01222nam a2200253 i 4500 001 000000068776 003 CaOOAMICUS 005 20100809000000.0 008 100809s1977 it u000 u ita u 013 $a39948 040 $aSeMil$bita 100 1 $aIlting, Karl-Heinz <1925->.$0(OLS)http://semarc/name/34346 245 10$aHegel diverso :$ble filosofie del diritto dal 1818 al 1831 /$cKarl-Heinz Ilting ; a cura di Enzo Tota. 260 $aRoma ; Bari :$bLaterza,$c1977. 300 $aXI, 240 p. ;$c22 cm. 490 0 $aBiblioteca di cultura moderna ;$v797 650 4$aHegel, Georg Wilhelm Friedrich <1770-1831> - Filosofia del diritto.$0(OLS)http://semarc/subject/13571 650 4$aHegel, Georg Wilhelm Friedrich <1770-1831> - Filosofia politica.$0(OLS)http://semarc/subject/10912 700 1 $aTota, Enzo.$0(OLS)http://semarc/name/26160 830 0$aBiblioteca di cultura moderna ;$v797.$0(OLS)http://semarc/title/639 850 $aSeMil 852 $aSeMil$W1$xVenegono$y1$m2O IV 74$j34929$B34929$CSeMilBibl$Z2$F34932 $81 996 $6245$aHegel diverso :$ble filosofie del diritto dal 1818 al 1831$9(OLS)http://semarc/title/109952 996 $6260$aRoma ; Bari :$bLaterza$9(OLS)http://semarc/publisher/30305 LEADER 01140nam a2200241 i 4500 001 000000073389 003 CaOOAMICUS 005 20090630000000.0 008 090630s1947 xx u000 u mul u 013 $a44561 040 $aSeMil$bita 100 1 $aSalutati, Coluccio,$d.$0(OLS)http://semarc/name/9408 245 13$aDe nobilitate legum et medicinae ; De verecundia /$cColuccio Salutati ; a cura di Eugenio Garin. 260 $aFirenze :$bVallecchi,$c1947. 300 $aLVIII, 382 p., [4] c. di tav. :$bfacs. ;$c25 cm. 490 0 $aEdizione nazionale dei classici del pensiero italiano ;$v8 500 $aEsempl. n. 853 di ed. num. - Testo orig. a fronte. 700 1 $aGarin, Eugenio,$d<1909-2004>.$0(OLS)http://semarc/name/1340 830 0$aEdizione nazionale dei classici del pensiero italiano ;$v8.$0(OLS)http://semarc/title/28498 850 $aSeMil 852 $aSeMil$W1$xVenegono$y1$m2Q V 138$j39541$B39541$CSeMilBibl$Z2$F39545 $81 996 $6245$aDe nobilitate legum et medicinae ; De verecundia$9(OLS)http://semarc/title/118494 996 $6260$aFirenze :$bVallecchi$9(OLS)http://semarc/publisher/29768